Las variedades de las religiones / (Record no. 78505)

MARC details
000 -LEADER
fixed length control field 00743cam a2200229 4500
005 - DATE AND TIME OF LATEST TRANSACTION
control field 20150124131611.0
008 - FIXED-LENGTH DATA ELEMENTS--GENERAL INFORMATION
fixed length control field 090318t20022002sp 000 0 spa u
020 ## - INTERNATIONAL STANDARD BOOK NUMBER
International Standard Book Number 8449314461
050 04 - LIBRARY OF CONGRESS CALL NUMBER
Classification number BL 53 .J36
Item number T39 2003
100 1# - MAIN ENTRY--PERSONAL NAME
Personal name Taylor, Charles,
Dates associated with a name 1931-
245 14 - TITLE STATEMENT
Title Las variedades de las religiones /
Statement of responsibility, etc Charles Taylor,
250 ## - EDITION STATEMENT
Edition statement Primera edición: 2003
260 ## - PUBLICATION, DISTRIBUTION, ETC. (IMPRINT)
Place of publication, distribution, etc Barcelona, España :
Name of publisher, distributor, etc Paidós,
Date of publication, distribution, etc 2003.
300 ## - PHYSICAL DESCRIPTION
Extent 126 paginas,
Dimensions 20 X 13 centímetros,
440 #0 - SERIES STATEMENT/ADDED ENTRY--TITLE
Title Estudios
Volume number/sequential designation Número: 158
500 ## - GENERAL NOTE
General note Traducción de : Reconciling the solitudes.
506 ## - RESTRICTIONS ON ACCESS NOTE
Terms governing access Rec. Esc.
650 #7 - SUBJECT ADDED ENTRY--TOPICAL TERM
Topical term or geographic name as entry element Filosofía
Source of heading or term Lemb
650 #7 - SUBJECT ADDED ENTRY--TOPICAL TERM
Topical term or geographic name as entry element Religión
Source of heading or term Lemb
700 1# - ADDED ENTRY--PERSONAL NAME
Personal name Taylor, Charles,
Relator term Traducción: Ramon Víla Vernis
942 ## - ADDED ENTRY ELEMENTS (KOHA)
Source of classification or shelving scheme Biblioteca del Cogreso de los Estados Unidos
Koha item type Libro
Holdings
Estado de pérdida Fuente de clasificación Estado del daño No para préstamo Ubicación permanente Ubicación actual Apartado o colección Fecha de adquisición Área del conocimiento Clasificación Código de Barras Date last seen Número de copia Tipo de recurso
  Biblioteca del Cogreso de los Estados Unidos     Biblioteca de la Facultad de Filosofía Biblioteca de la Facultad de Filosofía General 23/09/2014   BL 53 .J36 T39 2003 BFF000008222 16/01/2015 C: 1 Libro